书目信息 |
| 题名: |
税收筹划学
|
|
| 作者: | 倪俊喜 编著 | |
| 分册: | ||
| 出版信息: | 天津 天津大学出版社 2007.03 |
|
| 页数: | 357页 | |
| 开本: | 26cm | |
| 丛书名: | ||
| 单 册: | ||
| 中图分类: | F810.423 | |
| 科图分类: | ||
| 主题词: | 税收筹划 | |
| 电子资源: | ||
| ISBN: | 978-7-5618-2404-7 | |
| 000 | 00765nam0 2200217 450 | |
| 001 | 1042005187 | |
| 005 | 20100721114129.54 | |
| 010 | @a978-7-5618-2404-7@dCNY40.00 | |
| 100 | @a20100515d2007 km y0chiy0120 ea | |
| 101 | 0 | @achi |
| 102 | @aCN@b120000 | |
| 105 | @ay z 000yy | |
| 200 | 1 | @a税收筹划学@Ashui shou chou hua xue@f倪俊喜编著@Fni jun xi bian zhu |
| 210 | @a天津@c天津大学出版社@d2007.03 | |
| 215 | @a357页@d26cm | |
| 330 | @a本书是作者在从事多年税收理论研究的基础上,结合税务工作实际,企业财务会计、税收会计实务操作编纂而成的。全书分为纳税筹划理论、纳税筹划实务、征税筹划理论、征税筹划实务四大部分,共16章。 | |
| 606 | 0 | @a税收筹划 |
| 690 | @aF810.423@v4 | |
| 701 | 0 | @a倪俊喜@Ani jun xi@4编著 |
| 801 | 0 | @aCN@c20100515 |
| 905 | @dF810.423@eN495@f3 | |
| 税收筹划学/倪俊喜编著.-天津:天津大学出版社,2007.03 |
| 357页;26cm |
| ISBN 978-7-5618-2404-7:CNY40.00 |
| 本书是作者在从事多年税收理论研究的基础上,结合税务工作实际,企业财务会计、税收会计实务操作编纂而成的。全书分为纳税筹划理论、纳税筹划实务、征税筹划理论、征税筹划实务四大部分,共16章。 |
| ● |
| 相关链接 |
|
|
|
正题名:税收筹划学
索取号:F810.423/N495
 
预约/预借
| 序号 | 登录号 | 条形码 | 馆藏地/架位号 | 状态 | 备注 |